书目信息 |
| 题名: |
科学教育研究手册
|
|
| 作者: | 莱德曼 , 埃布尔 主编 ;李秀菊 , 刘晟 , 姚建欣 翻译 | |
| 分册: | 下卷 | |
| 出版信息: | 北京 外语教学与研究出版社 2022.09 |
|
| 页数: | 767-1341页 | |
| 开本: | 29cm | |
| 丛书名: | ||
| 单 册: | ||
| 中图分类: | G40-034 | |
| 科图分类: | ||
| 主题词: | 教育科学--研究--手册 | |
| 电子资源: | ||
| ISBN: | 978-7-5213-3355-8 | |
| 000 | 01602nam0 2200361 450 | |
| 001 | 0100084104 | |
| 005 | 20250617161041.59 | |
| 010 | @a978-7-5213-3355-8@dCNY268.00 | |
| 035 | @a(O310104BKS)01002022273081 | |
| 039 | @aA310000SHL@bUCS01004347755@c01002022273081 | |
| 100 | @a20221027d2022 em y0chiy50 ea | |
| 101 | 1 | @achi@ceng |
| 102 | @aCN@b110000 | |
| 105 | @ay z 001yy | |
| 106 | @ar | |
| 200 | 1 | @a科学教育研究手册@9ke xue jiao yu yan jiu shou ce@e扩增版@h下卷@b专著@f(美)诺曼·莱德曼(Norman G. Lederman),(美)桑德拉·埃布尔(Sandra K. Abell)主编@g李秀菊,刘晟,姚建欣翻译 |
| 210 | @a北京@c外语教学与研究出版社@d2022.09 | |
| 215 | @a767-1341页@d29cm | |
| 300 | @a中国科普研究所资助 | |
| 305 | @aTaylor & Francis出版集团旗下的Routledge出版公司授权出版 | |
| 312 | @a封面英文题名:Handbook of research on science education. Volume Ⅱ | |
| 330 | @a本书分科学课程与测评和科学教师培养两编,共计18章。内容包括:美国科学课程改革史、科学课堂中的科学实践与探究、科学本质的教与学研究、科学教育的文化视角、大学前的工程教育、科学教育项目评价综述、科学教育中的大规划测评等。 | |
| 333 | @a教育科学研究相关人员 | |
| 510 | 1 | @aHandbook of research on science education. Volume Ⅱ@hVolume Ⅱ@zeng |
| 606 | 0 | @a教育科学@x研究@j手册 |
| 690 | @aG40-034@v5 | |
| 701 | 0 | @c(美)@a莱德曼@9lai de man@c(Lederman, Norman G.)@4主编 |
| 701 | 0 | @c(美)@a埃布尔@9ai bu er@c(Abell, Sandra K.)@4主编 |
| 702 | 0 | @a李秀菊@9li xiu ju@4翻译 |
| 702 | 0 | @a刘晟@9liu cheng@4翻译 |
| 702 | 0 | @a姚建欣@9yao jian xin@4翻译 |
| 801 | 0 | @aCN@b人天书店@c20250616 |
| 905 | @b1624434@dG40-034@e1571:2@f1 | |
| 科学教育研究手册:扩增版.下卷/(美)诺曼·莱德曼(Norman G. Lederman),(美)桑德拉·埃布尔(Sandra K. Abell)主编/李秀菊,刘晟,姚建欣翻译.-北京:外语教学与研究出版社,2022.09 |
| 767-1341页;29cm |
| 中国科普研究所资助.-使用对象:教育科学研究相关人员 |
| ISBN 978-7-5213-3355-8:CNY268.00 |
| 本书分科学课程与测评和科学教师培养两编,共计18章。内容包括:美国科学课程改革史、科学课堂中的科学实践与探究、科学本质的教与学研究、科学教育的文化视角、大学前的工程教育、科学教育项目评价综述、科学教育中的大规划测评等。 |
| ● |
| 相关链接 |
|
|
|
|
正题名:科学教育研究手册
索取号:G40-034/1571:2
 
预约/预借
| 序号 | 登录号 | 条形码 | 馆藏地/架位号 | 状态 | 备注 |
| 1 | 1624434 | 216244348 | 第一样本阅览室/ [索取号:G40-034/1571:2] | 在馆 |